Score 0/20 Timer 04:00
3 Plays Today
% Correct
Of MICE and Men
96.4%
The LION, the Witch,
and the Wardrobe
95.3%
Lord of the FLIES
94.3%
The Ugly DUCKLING
93.2%
CAT on a Hot Tin Roof
92.7%
Fantastic Mr. FOX
92.4%
The HORSE Whisperer
92%
Yertle the TURTLE
91.3%
The Very Hungry
CATERPILLAR
89.7%
The Maltese FALCON
88.6%
% Correct
Along Came a SPIDER
86.6%
The Velveteen RABBIT
85.8%
GORILLAS in the Mist
84%
The Trumpet of the SWAN
79.7%
Ice Station ZEBRA
71.2%
The Pride of the PEACOCK
64.8%
The Diving Bell
and the BUTTERFLY
57.1%
Under the JAGUAR Sun
54.1%
The Day of the LOCUST
46.8%
Lily and the OCTOPUS
42.4%
Remove Ads.
Support Sporcle.
Get the best of Sporcle when you Go Orange. This ad-free experience offers more features, more stats, and more fun while also helping to support Sporcle. Thank you for becoming a member.

You're not logged in!

Compare scores with friends on all Sporcle quizzes.
OR
Log In

Show Comments

Extras

Top Quizzes Today


Score Distribution

Your Account Isn't Verified!

In order to create a playlist on Sporcle, you need to verify the email address you used during registration. Go to your Sporcle Settings to finish the process.

Report this User

Report this user for behavior that violates our Community Guidelines.

Details: